000 00281nam a2200121Ia 4500
008 190216s9999||||xx |||||||||||||| ||und||
100 _aSivaraj Simh Padav
245 0 _aHindi-Kshanodyay Ka Mogelik
260 _bKavitha Prakasan
300 _a148
650 _aHindi
942 _cBK
999 _c16204
_d16204